ქართული ნუმიზმატიკის კატალოგი : (ბიბ.ჩანაწერი № 59967)
[ მარტივი ფორმატი ]
| 000 -ლიდერი | |
|---|---|
| ფიქსირებული სიგრძის საკონტროლო ველი | 02629nam a22003017a 4500 |
| 003 - საკონტროლო ნომრის იდენტიფიკატორი | |
| საკონტროლო ველი | Ge_BSU |
| 005 - ბოლო ოპერაციის თარიღი და დრო | |
| საკონტროლო ველი | 20230525115018.0 |
| 008 - ფიქსირებული სიგრძის მონაცემთა ელემენტები - ზოგადი ინფორმაცია | |
| ფიქსირებული სიგრძის საკონტროლო ველი | 230525s2013 ge ||||| |||| 00| 0 geo d |
| 020 ## - წიგნის საერთაშორისო სტანდარტული ნომერი | |
| International Standard Book Number | 9789941107993 |
| 041 ## - ენის კოდი | |
| Language code of text/sound track or separate title | geo |
| 080 ## - უნივერსალური ათობითი კლასიფიკაციის ინდექსი | |
| Universal Decimal Classification number | 737.1(479.22)(084.824) +336.74(395.3) დ-91 |
| 100 ## - მთავარი ჩანაწერი - პიროვნების სახელი | |
| Personal name | დუნდუა, თედო |
| 9 (RLIN) | 3483 |
| 245 ## - ცნობა სათაურის შესახებ | |
| Title | ქართული ნუმიზმატიკის კატალოგი : |
| Remainder of title | ნაწ. 1. ფული ადრეანტიკურ და ელინისტურ ხანაში. სამონეტო საქმე და სამონეტო მიმოქცევა კოლხეთსა და იბერიაში = Money in classical and Hellenistic periods. Coin issues and monetary circulation in Colchis and iberia (Georgia) / |
| Statement of responsibility, etc | თედო დუნდუა, გიორგი დუნდუა ; შემდგ.: ალექსანდრე ბოშიშვილი [და სხვ.] ; ივ. ჯავახიშვილის სახ. თსუ, ჰუმანიტ. მეცნ. ფაკ-ტი, საქ. ისტ. ინსტიტუტი. |
| 264 ## - წარმოების, გამოცემის, დისტრიბუციის და სხვა ცნობები | |
| გამოცემის, წარმოების, დისტრიბუციის... ადგილი | თბილისი : |
| გამოცემის, წარმოების, დისტრიბუციის... სახელწოდება | მერიდიანი, |
| გამოცემის, წარმოების, დისტრიბუციის... თარიღი | 2013. |
| 300 ## - ფიზიკური აღწერა | |
| Extent | 270 გვ. : |
| Other physical details | ილ.; |
| Dimensions | 31 სმ. |
| 501 ## - შენიშვნა თანმხლებ მასალაზე | |
| With note | ავტ. მითითებული არიან თავფურ. მე-2 გვ. თავფურ., ტექსტი, ყდა ქართ. და ინგლ. |
| 504 ## - BIBLIOGRAPHY, ETC. NOTE | |
| Bibliography, etc | ბიბლიოგრფია თავების ბოლოს. |
| 653 ## - INDEX TERM--UNCONTROLLED | |
| Uncontrolled term | საქართველოს ნუმიზმატიკა |
| 653 ## - INDEX TERM--UNCONTROLLED | |
| Uncontrolled term | კატალოგები |
| 653 ## - INDEX TERM--UNCONTROLLED | |
| Uncontrolled term | ფულის მიმოქცევა კოლხეთში |
| 653 ## - INDEX TERM--UNCONTROLLED | |
| Uncontrolled term | ფულის მიმოქცევა იბერიაში |
| 700 ## - ADDED ENTRY--PERSONAL NAME | |
| Personal name | დუნდუა, გიორგი |
| Relator term | ავტორი |
| 9 (RLIN) | 18035 |
| 700 ## - ADDED ENTRY--PERSONAL NAME | |
| Personal name | ბოშიშვილი, ალექსანდრე, |
| Relator term | შემდგენელი |
| 9 (RLIN) | 18211 |
| 700 ## - ADDED ENTRY--PERSONAL NAME | |
| Personal name | თაბუაშვილი, აპოლონ |
| Relator term | შემდგენელი |
| 9 (RLIN) | 18208 |
| 700 ## - ADDED ENTRY--PERSONAL NAME | |
| Personal name | თავაძე, ლერი [და სხვ.] |
| Relator term | შემდგენელი |
| 9 (RLIN) | 18212 |
| 710 ## - ADDED ENTRY--CORPORATE NAME | |
| Corporate name or jurisdiction name as entry element | თბილისის სახელმწიფო უნივერსიტეტი. |
| Subordinate unit | ჰუმანიტარულ მეცნიერებათა ფაკულტეტი. საქართველოს ისტორიის ინსტიტუტი. |
| 9 (RLIN) | 18206 |
| 942 ## - ADDED ENTRY ELEMENTS (KOHA) | |
| Source of classification or shelving scheme | |
| Koha item type | წიგნი |
| ჩამოწერის სტატუსი | დაკარგული ეგზემპლარის სტატუსი | კლასიფიკაციის წყარო ან თაროზე გაწყობის სქემა | დაზიანების სტატუსი | არ გაიცემა | მუდმივი მდებარეობა (დაცვის ადგილი) | ამჟამინდელი ადგილსამყოფელი | თაროზე განთავსების ადგილი | შეძენის თარიღი | ღირებულება, შესყიდვის ნორმალური ფასი | სრული შენახვის შიფრი | შტრიხკოდი | ბოლო ოპერაციის თარიღი | ეგზემპლარის მიმდევრობითი ნომერი (კეტერი?) | Uniform Resource Identifier | ფასის ძალაში შესვლის თარიღი | ეგზემპლარის სახეობა | საჯარო შენიშვნა |
|---|---|---|---|---|---|---|---|---|---|---|---|---|---|---|---|---|---|
| ბათუმის შოთა რუსთაველის სახელმწიფო უნივერსიტეტის მთავარი ბიბლიოთეკა | ბათუმის შოთა რუსთაველის სახელმწიფო უნივერსიტეტის მთავარი ბიბლიოთეკა | წიგნსაცავი | 2023-05-25 | 15.00 | 737.1(479.22)(084.824) +336.74(395.3) დ-91 | 64463 | 2023-05-25 | 64463 | ბსუ-ს საპატიო დოქტორის გურამ ლორთქიფანიძის საჩუქარი | 2023-05-25 | წიგნი | 15 ლ. |
